Normal view
MARC view
- الكسواني ، عامر محمود
Entry Personal Name
001 - CONTROL NUMBER
- control field: 12296
003 - CONTROL NUMBER IDENTIFIER
- control field: JO-AjAnu
005 - DATE AND TIME OF LATEST TRANSACTION
- control field: 20230606072254.0
008 - FIXED-LENGTH DATA ELEMENTS
- fixed length control field: 230606|| aca||aabn | a|a d
040 ## - CATALOGING SOURCE
- Original cataloging agency: JO-AjAnu
- Transcribing agency: JO-AjAnu
100 ## - HEADING--PERSONAL NAME
- Personal name: الكسواني ، عامر محمود
670 ## - SOURCE DATA FOUND
- Source citation: Work cat.: (JO-AjAnu)6333: الكسواني ، عامر محمود, author, أحكام الالنزام : آثار الحق في القانون المدني " دراسة مقارنة "